000 00452nam a22001817a 4500
003 koha_MIRAKIL
005 20231213095839.0
008 231213b |||||||| |||| 00| 0 ||| d
020 _b978-9-75817692-2
040 _aTR-IsEVY
_btur
_cTR-IsEVY
082 _aFIC MOO/K
100 _aMoore-Mallinos, Jennifer.
245 0 _aKayıp Çocuk Odası
260 _bSev / Redhouse,
_c2008
300 _a32
650 _aGenel Konular.
942 _2ddc
_cBK
999 _c10424
_d10424